OVERENIE METÓDY PRE HODNOTENIE BARIÉROVÝCH SCHOPNOSTÍ PRACOVNÝCH RUKAVÍC PRI MANIPULÁCII S PRÍPRAVKAMI BYTOVEJ CHÉMIE

Uložené v:
Podrobná bibliografia
Hlavný autor: Melegová, Linda (Autor)
Ďalší autori: Hojerová, Jarmila (Vedúci práce)
Médium: Rukopis Kniha
Jazyk:Slovak
Vydavateľské údaje: 2015
Predmet:
On-line prístup:http://is.stuba.sk/zp/portal_zp.pl?podrobnosti=102202
Tagy: Pridať tag
Žiadne tagy, Buďte prvý, kto otaguje tento záznam!

MARC

LEADER 00000ntm a22000003a 4500
001 stuzp52520
003 SK-STU
005 20160719154210.0
007 ta
008 150427s2015----xo-----f-mn---000-0-slo-d
040 |a STU  |b slo 
041 0 |a slo 
100 1 |a Melegová, Linda  |u 044250  |4 aut  |U FCHPT Ústav biotechnológie a potravinárstva  |T FCHPT Oddelenie potravinárskej technológie  |X 61498  |U C4250  |Y 115  |7 61498 
242 0 1 |a Verification of Method for Evaluating Barrier Properties of working gloves while handling pruducts of household chemicals  |y eng 
245 1 0 |a OVERENIE METÓDY PRE HODNOTENIE BARIÉROVÝCH SCHOPNOSTÍ PRACOVNÝCH RUKAVÍC PRI MANIPULÁCII S PRÍPRAVKAMI BYTOVEJ CHÉMIE 
260 |c 2015 
650 4 |a bytová chémia  |2 slo 
650 4 |a kyslé a alkalické čističe  |2 slo 
650 4 |a ochranné rukavice  |2 slo 
650 4 |a integrita materiálu  |2 slo 
650 4 |a elektrická konduktivita  |2 slo 
650 4 |a acidic and alkaline cleaners  |2 eng 
650 4 |a household chemicals  |2 eng 
650 4 |a protective gloves  |2 eng 
650 4 |a material integrity  |2 eng 
650 4 |a electrical conductivity  |2 eng 
700 1 |a Hojerová, Jarmila  |4 ths  |X 3324  |7 A000003324 
856 4 |u http://is.stuba.sk/zp/portal_zp.pl?podrobnosti=102202 
SQL |a stuzp52520  |b DBP  |c SLO  |d OVERENIE METÓDY PRE HODNOTENIE BARIÉROVÝCH SCHOPNOSTÍ PRACOVNÝCH RUKAVÍC PRI MANIPULÁCII S PRÍPRAVKAMI BYTOVEJ CHÉMIE  |e 61498  |f Melegová, Linda  |g 044250  |h 3324  |i Hojerová, Jarmila  |j 20150716  |k 520  |l 04  |m http://is.stuba.sk/zp/portal_zp.pl?podrobnosti=102202  |n B-oVYKOZ  |o 5.2.24. potravinárstvo